000 00697cam a2200253 4500
008 090401t1988 xxu||||| |||| 00| 0 eng d
020 _a0851252702
035 _a(Sirsi) u13634
041 _aeng
050 _a693.97
100 _aHotchkiss, A.R.
245 _aBison large panel system dwellings: constructional details
260 _aGarston,Watford
_bBuilding Research Establishment
_c1988
300 _aiii,10p. : ill. ; 30cm.
350 _a5.95
490 _aBRE Report
_v118
490 _aBRE Building Renewal
_v118
650 _aBISON SYSTEMS
650 _aLARGE PANEL SYSTEMS
650 _aPREFABRICATION
700 _aEdwards, Marilyn
942 _n0
948 _c04/03/1997
999 _c87120
_d87120